000 00695nam a2200241 i 4500
001 141683
003 ES-MaACL
005 20230906200339.0
007 t|
008 070926s1976 sp ||||1| spa d
080 _a806.0-3=449
080 _a804.99-3=60
245 0 0 _aDiccionari manual castellá-catalá, catalá-castellá.
250 _a2ª ed.
260 _aBarcelona :
_bBibliograf,
_c[1976]
300 _aXXXVIII, 300 p. ;
_c20 cm.
490 1 _aVox
650 1 4 _aLengua española-
_vDiccionarios-
_xCatalán.
_914140
650 4 _aLengua catalana-
_vDiccionarios-
_xEspañol.
_914103
830 0 _aVox
_9182574
852 _aES-MaACL
_jL-521
_bR.101111
999 _c141683
_d141683